00462nam a2200157Ia 450000500170000000800410001708200130005810000130007124500230008426000400010730000130014765000240016094200060018495200990019099900150028920250318141614.0240331s9999 xx 000 0 und d bINQa894 aInqulap, 0aPalaiyil oru suvai aShivagangaibAnam ( Pvt) Ltd.c1992 a207 p ., aTamil Short Stories cL 001040708LaWERCLbWERCLcSSCd2024-03-31l0o 894.811 INQp1675r2024-03-31w2024-03-31yL c3872d3872